Blue Peter Presenters Quiz Stats

 Plays Quiz Updated Mar 12, 2020

     
Support Sporcle.
Go Orange.
Score 0/38 Timer 08:00
0 Plays Today
Year(s) Presenter % Correct
1962-1972Valerie Singleton
66%
1997-2008Konnie Huq
63.3%
1965-1978John Noakes
62%
1967-1978Peter Purves
57.8%
1983-1987Janet Ellis
48%
1997-1998Richard Bacon
47.8%
1980-1984Peter Duncan
42.3%
1985-1986Peter Duncan
42.3%
1999-2006Matt Baker
41.5%
2005-2008Gethin Jones
39.8%
1995-2000Katy Hill
37.9%
1992-1994Anthea Turner
37.3%
1978-1986Simon Groom
35.4%
2004-2008Zoe Salmon
35%
1989-1994John Leslie
34%
1972-1979Lesley Judd
33.7%
1987-1992Yvette Fielding
31.8%
1986-1990Caron Keating
30.4%
1986-1989Mark Curry
29.5%
Year(s) Presenter % Correct
1980-1983Sarah Greene
28.4%
1993-1997Tim Vincent
27.7%
1999-2005Simon Thomas
26.9%
1958-1967Christopher Trace
26.8%
1990-1996Diane-Louise Jordan
26.1%
2013-PresentLindsey Russell
23.8%
2000-2006Liz Barker
20%
2013-PresentRadzi Chinyanganya
18.4%
1994-1999Stuart Miles
17.7%
1958-1962Leila Williams
16.5%
1979-1980Tina Heath
13%
1984-1985Michael Sundin
10.6%
1978-1980Christopher Wenner
9.8%
2008-2013Helen Skelton
9.5%
1962Anita West
9.4%
2006-2011Andy Akinwolere
9.4%
1996-1998Romana D'Annunzio
9.1%
2011-PresentBarney Harwood
6.5%
2008-2010Joel Defries
4.5%

From the Vault

TV Friendships

by susanlyn

The best is when they're friends off screen, too.
Remove Ads.
Support Sporcle.
Get the best of Sporcle when you Go Orange. This ad-free experience offers more features, more stats, and more fun while also helping to support Sporcle. Thank you for becoming a member.

Show Comments

Extras

Top Quizzes Today


Score Distribution

Your Account Isn't Verified!

In order to create a playlist on Sporcle, you need to verify the email address you used during registration. Go to your Sporcle Settings to finish the process.

Report this User

Report this user for behavior that violates our Community Guidelines.

Details: